000 00381nam a2200145Ia 4500
008 230711s9999||||xx |||||||||||||| ||und||
041 _aENG
082 _a4.22
_bRA-P
100 _aRao,P.V.S
245 0 _aPerspectives in computer Architecture
250 _a1st
260 _c1994
_aNew Delhi
_bPrentice-Hall of India Private Limited
650 _aComputer Engineering
942 _cBK
999 _c2369
_d2369